| 000 | 03082cam a22004334i 4500 | ||
|---|---|---|---|
| 003 | PE-LiUPU | ||
| 005 | 20250731172858.0 | ||
| 008 | 150623s r 000 0 d | ||
| 020 | _a0310330637 | ||
| 020 | _a9780310330639 | ||
| 035 | _a(Sirsi) a165788 | ||
| 040 |
_aPE-LiUPU _bspa _cPE-LiUPU _erda |
||
| 049 | _aPRUA | ||
| 082 | 0 | 4 |
_a289.9 _bI6 |
| 245 | 1 | 0 |
_aIntroduction to messianic Judaism : _bits ecclesial context and Biblical foundations / _cDaniel Rudolph and Joel Willitts, general editors. |
| 264 | 1 |
_aGrand Rapids, MI : _bZondervan, _c2013. |
|
| 300 |
_a335 páginas : _bilustraciones ; _c23 centímetros. |
||
| 336 |
_atext _2rdacontent |
||
| 337 |
_aunmediated _2rdamedia |
||
| 338 |
_avolume _2rdacarrier |
||
| 505 | 0 | _aMessianic Judaism in antiquity and in the modern era / David Rudolph -- Messianic Jewish synagogues / David Rudolph and Elliot Klayman -- Messianic Jewish worship and prayer / Seth N. Klayman -- Messianic Jews and Scripture / Carl Kinbar -- Messianic Jews and Jewish tradition / Carl Kinbar -- Messianic Jewish ethics / Russ Resnik -- Messianic Jewish outreach / Stuart Dauermann -- Messianic Judaism and women / Rachel Wolf -- Messianic Jews in the Land of Israel / Akiva Cohen -- Messianic Jewish national organizations / Mitch Glaser -- Messianic Jews in the Jewish world / Mark S. Kinzer -- Messianic Jews and the Gentile Christian world / Daniel C. Juster -- Messianic Jews and Jewish-Christian dialogue / Jennifer M. Rosner -- Matthew's Christian-Jewish community / Daniel J. Harrington -- The restoration of Israel in Luke-Acts / Darrell Bock -- James and the Jerusalem Council decision / Richard Bauckham -- Interdependence and mutual blessing in the church / Craig Keener -- The relationship between Israel and the church / William S. Campbell -- The redemption of Israel for the sake of the Gentiles / Scott J. Hafemann -- Paul's rule in all the Ekklesiai / Anders Runesson -- Equality in the church / Justin K. Hardin -- The supersession and superfluity of the law? Another look at Galatians / Todd A. Wilson -- The bride of Messiah and the Israel-ness of the new heavens and new earth / Joel Willitts -- Mission-commitment in Second Temple Judaism and the New Testament / John Dickson -- The son of David and the Gospel / Markus Bockmuehl -- Jewish priority, election, and the Gospel / Douglas Harink -- The standard canonical narrative and the problem of supersessionism / R. Kendall Soulen -- Summary of the chapters / Joel Willitts -- Conclusion / Joel Willitts. | |
| 526 | _aSEG42 | ||
| 526 | _aSEG41 | ||
| 526 | _aSEG40 | ||
| 526 | _aSEG39 | ||
| 526 | _aP94 | ||
| 526 | _aP87 | ||
| 526 | _aP86 | ||
| 526 | _aP85 | ||
| 526 | _aP77 | ||
| 526 | _aP76 | ||
| 526 | _aP35 | ||
| 650 | 0 | 4 | _aJudaismo Mesiánico |
| 942 |
_2ddc _cBOOK |
||
| 994 |
_aC0 _bPEPRU |
||
| 596 | _a1 | ||
| 999 |
_a289.9 I6 _wLC _c14536 _i74932 _d14536 _f2021-11-11 _g5 _lCCODEBUL1 _mBUL _q1 _r0 _sY _tBOOK _u2016-12-29 _xTEOLOGIA _zMATEOLO |
||
| 980 |
_81 _gALBERTO SANCHEZ Responsable de Automatización |
||